000 01452nam a2200373 a 4500
001 vtls000093395
003 NLI
005 20210601200049.0
008 101125s1992 ii 000 0 hin
020 _cRs. 15.00 (pbk.)
039 9 _y201011251035
_zVLOAD
040 _aNLI
_bhineng
_cDataSoft
_eAACR2
041 1 _ahinsan
_hsan
044 _aii
082 0 4 _a320.1
100 0 _6880-01
_aकौटिल्य
_q(आचार्य चाणक्य)
_9201430
245 1 0 _6880-02
_aकौटिल्य अर्थशास्त्र /
_cकौटिल्य ; संपादक राकेश शास्त्री
260 _aदिल्ली :
_bसाधना पॉकेट बुक्स,
_c1992
300 _a224 p. ;
_c18 cm.
440 0 _aए. एच. डब्लू. साधना सिरीज
500 _aText in Hindi and Sanskrit
500 _aTranslation from the Sanskrit
650 0 _aPolitical science
_9867
650 0 _aDiplomacy
_9201431
700 1 _6880-03
_aशास्त्री¸ राकेश,
_4edt
_9198425
880 1 0 _6245-02 (B
_aKauṭilya arthaśāstra /
_cKauṭilya ; edited by Rakeś Śāstrī
880 0 _6100-01 (B
_aKauṭilya
_q(Ācārya Cāṇakya)
880 1 _6700-03 (B
_aŚāstrī, Rakeś,
_4edt
887 _a
901 _a64167
_b05.11.1992
902 _aH320.1 K812xp
949 _AVIRTUAITEM
_D10001
_X100
_6DBA000064167HIN
942 _2ddc
_cBKS
999 _aVIRTUA00
_c97656
_d97656